000 00561nam a2200193Ia 4500
999 _c8300
_d8300
003 OSt
005 20201007111206.0
008 190216s9999||||xx |||||||||||||| ||und||
020 _a8177222325
040 _coclc
082 _a005.133
_bHOL/V
100 _aHolzner, Steven
_95360
245 0 _aVisual Basic .Net Programming Black Book /
_cSteven Holzner
250 _a13rd Ed.
260 _bCoriolis Dream Tech,
_c2005.
_aNew Delhi:
300 _a1144p
650 _aVisual Basic
942 _cBK
_2ddc
_h005.133
_iHOL/V
_k005.133
_mHOL/V